|
|
|
|
| LEADER |
00000nas a2200000 a 4500 |
| 001 |
ssj0000684741 |
| 003 |
WaSeSS |
| 005 |
20200512172242.0 |
| 006 |
m d |
| 007 |
cr n |
| 008 |
120524c20109999at f| p|s|||||| |0eng d |
| 035 |
|
|
|a (WaSeSS)ssj0000684741
|
| 040 |
|
|
|a WaSeSS
|c WaSeSS
|d WaSeSS
|
| 050 |
|
4 |
|a HM1001
|
| 245 |
0 |
0 |
|a e-Journal of social & behavioural research in business
|h [electronic resource].
|
| 246 |
1 |
|
|a e-JSBRB
|
| 260 |
|
|
|a Mapleton, Australia :
|b Australian Business Education Research Association
|
| 310 |
|
|
|a Semiannual
|
| 362 |
1 |
|
|a Began with Volume 1, Issue 1 (2010).
|
| 506 |
|
|
|a License restrictions may limit access.
|
| 588 |
|
|
|a Description based on: Volume 1, Issue 1 (2010); title from article pdf (Academic OneFile, viewed April 19, 2012).
|
| 588 |
|
|
|a Latest issue consulted: Volume 2, Issue 2 (2011) (viewed April 19, 2012).
|
| 650 |
|
0 |
|a Social psychology
|v Periodicals.
|
| 650 |
|
0 |
|a Psychophysiology
|v Periodicals.
|
| 655 |
|
0 |
|a Electronic journals.
|
| 776 |
0 |
8 |
|i Print version:
|t e-Journal of social & behavioural research in business
|x 1838-8485
|
| 856 |
4 |
0 |
|z Full text available from Research Library: 01/01/2012 to present
|u https://search.proquest.com/publication/1456362
|